|
|
|
|
| LEADER |
00606cam a2200193 7i4500 |
| 001 |
0000005460 |
| 005 |
20040827090000.0 |
| 002 |
##000007094 |
| 020 |
0 |
0 |
|a T000005567
|
| 090 |
0 |
0 |
|a I 384.14025
|b WOR
|
| 245 |
0 |
0 |
|a World telecom :
|b international telecommunication directories.
|
| 250 |
0 |
0 |
|a 12th ed..
|
| 260 |
0 |
0 |
|a London:
|b Inter Telecom,
|c 1996.
|
| 500 |
0 |
0 |
|a Library has Vol.III A, B & C - Europe
|
| 650 |
0 |
0 |
|a Telecommunication
|
| 650 |
0 |
0 |
|a Telegraph
|
| 651 |
0 |
0 |
|a Europe
|
| 999 |
|
|
|a 0000008293
|b Book
|c Open shelf
|e Business Information Centre
|
| 999 |
|
|
|a 0000008291
|b Book
|c Open shelf
|e Business Information Centre
|